Hospodárska politika malej dohody přednesl ... ve schůzi společnosti dne 8. února 1937 v Praze

Saved in:
Bibliographic Details
Main Author: Zaťko, Peter
Format: Book
Language:Czech
Published: Praha Česká společnost národohospod. 1937
Series:Sbírka přednášek pořádaných Českou spol. národohospod. v období 1936-37 9
Tags: Add Tag
No Tags, Be the first to tag this record!

MARC

LEADER 00000nam a2200000 4500
001 c137897
005 20220114111556.9
041 0 |a cze 
044 |a CZ 
245 1 0 |a Hospodárska politika malej dohody  |b přednesl ... ve schůzi společnosti dne 8. února 1937 v Praze  |c Peter Zaťko 
264 1 |a Praha  |b Česká společnost národohospod.  |c 1937 
300 |a 20 s. 
490 1 |a Sbírka přednášek pořádaných Českou spol. národohospod. v období 1936-37  |v 9 
830 0 |a Sbírka přednášek pořádaných Českou spol. národohospod. v období 1936-37  |v 9 
100 1 |a Zaťko, Peter